| 000 | 03218cam a22004574a 4500 | ||
|---|---|---|---|
| 001 | 55658 | ||
| 005 | 20230410115539.0 | ||
| 008 | 060518s2007 enka b 001 0 eng | ||
| 010 | _a 2006016552 | ||
| 035 | _a(OCoLC)ocm69028273 | ||
| 040 |
_aDLC _cDLC _dYDX _dBAKER _dUKM _dBTCTA _dYDXCP _dCOO _dIXA _dPUL _dYBM |
||
| 015 |
_aGBA681959 _2bnb |
||
| 016 | 7 |
_a013562855 _2Uk |
|
| 020 | _a0521871050 | ||
| 020 | _a9780521871051 | ||
| 029 | 1 |
_aYDXCP _b2457737 |
|
| 035 | _a(OCoLC)69028273 | ||
| 042 | _apcc | ||
| 050 | 1 | 4 |
_aHD9650.5 _b.G562 2007 |
| 082 | 0 | 0 |
_a338.4/766 _222 |
| 245 | 0 | 4 |
_aThe global chemical industry in the age of the petrochemical revolution / _cedited by Louis Galambos, Takashi Hikino, Vera Zamagni. |
| 260 |
_aCambridge ; _aNew York : _bCambridge University Press, _c2007. |
||
| 300 |
_aix, 529 p. : _bill. ; _c24 cm. |
||
| 440 | 0 | _aComparative perspectives in business history | |
| 504 | _aIncludes bibliographical references (p. 453-463) and index. | ||
| 505 | 0 | _aI: Crosscutting issues -- 1. The evolution of networks in the chemical industry / Fabrizio Cesaroni, Alfonso Gambardella, and Muriam Mariani -- 2. Competitive strategies of the world's largest chemical companies, 1970-2000 / Harm G. Schrèoter -- 3. Financial systems and corporate strategy in the chemical industry / Marco Da Rin -- 4. Government environment policy and the chemical industry / Wyn Grant -- II: World players : leaders -- 5. The German chemical industry after World War II / Ulrich Wengenroth -- 6. The American chemical industry since the petrochemical revolution / John Kenly Smith, Jr. -- Competitors: 7. The export-dependence of the Swiss chemical industry and the internationalization of Swiss chemical firms (1950-2000) / Margrit Mèuller -- 8. Development patterns in the petrochemical industry in the Nordic countries, 1960-2000 / Gunnar Nerheim -- 9. Repositioning of European chemical groups and changes in innovation management: the case of the French chemical industry / Florence Chareu-Duboc -- 10. The United Kingdom / Wyn Grant -- 11. The development and struggle of Japanese chemical enterprises since the petrochemical revolution / Takashi Hikino -- European followers: 12. The rise and fall of the Italian chemical industry 1950s-1990s / Vera Zamagni -- 13. The global accommodation of a latecomer: the Spanish chemical industry since the petrochemical revolution / Nâuria Puig -- 14. Some final observations / Vera Zamagni and Louis Galambos. | |
| 650 | 0 | _aChemical industry. | |
| 650 | 0 | _aPetroleum chemicals industry. | |
| 700 | 1 | _aGalambos, Louis. | |
| 700 | 1 | _aHikino, Takashi. | |
| 700 | 1 | _aZamagni, Vera. | |
| 856 | 4 | 1 |
_3Table of contents only _uhttp://www.loc.gov/catdir/toc/ecip0614/2006016552.html |
| 856 | 4 | 2 |
_3Publisher description _uhttp://www.loc.gov/catdir/enhancements/fy0659/2006016552-d.html |
| 856 | 4 | 2 |
_3Contributor biographical information _uhttp://www.loc.gov/catdir/enhancements/fy0733/2006016552-b.html |
| 938 |
_aBaker and Taylor _bBTCP _n2006016552 |
||
| 938 |
_aYBP Library Services _bYANK _n2457737 |
||
| 938 |
_aBaker & Taylor _bBKTY _c85.00 _d85.00 _i0521871050 _n0006824464 _sactive |
||
| 942 |
_2lcc _cbk |
||
| 946 | _aclperez | ||
| 994 |
_aC0 _bDRFGD |
||
| 999 |
_c43339 _d43339 |
||